Precision frequency control. Vol. 1 /

Guardado en:
Detalles Bibliográficos
Otros Autores: Gerber, Eduard A. (Compilador), Ballato, Arthur (Compilador)
Formato: Libro
Lenguaje:inglés
Publicado: Orlando : Academic Press, 1985
Etiquetas: Agregar Etiqueta
Sin Etiquetas, Sea el primero en etiquetar este registro!

MARC

LEADER 00000nam a22000003a 4500
001 stu87739
005 20150617225625.8
008 040611s1985------------------------eng-d
040 |a STU  |b slo 
041 0 |a eng 
080 |a 621.372.093 
080 |a 621.373.093 
100 1 |a Gerber, Eduard A.  |4 com 
245 1 |a Precision frequency control. Vol. 1 /  |c Ed.: Gerber, E.A., Ballato, A. 
260 |a Orlando :  |b Academic Press,  |c 1985 
300 |a 19, 434 s 
700 1 |a Ballato, Arthur  |4 com 
996 |b E58603  |c E*58603  |l EE08  |s P  |a 0  |w stu87739_0001